| 000 | 00580nam a2200193 a 4500 | ||
|---|---|---|---|
| 001 | 2907 | ||
| 003 | CDMR | ||
| 005 | 20131023175054.0 | ||
| 008 | 130130s1988||||||||||||||||||||||||||||d | ||
| 040 |
_aCDMR _bcat _cCPC GIRONA |
||
| 245 | 0 | 0 |
_aModel de TV i model d'estat _b: Jornades sobre la reestructuració televisiva _cedició a cura de Josep Gifreu |
| 260 |
_c1988 _bActa _aBarcelona |
||
| 300 | _a143 p. | ||
| 490 | 0 |
_aQuaderns (Acta) _v1 |
|
| 650 | 0 | 4 |
_91780 _aTelevisió _zEspanya |
| 650 | 0 | 4 |
_94174 _aTelevisió i política |
| 700 | 1 |
_9366 _aGifreu, Josep _eed. |
|
| 942 |
_cMON _2udc |
||
| 999 |
_c2907 _d2907 |
||